000 00608naa a2200193 4500
001 165493
003 ES-MaBCM
005 20241016190851.0
008 090108s2008 nor|r0p 0 ||eng d
021 _axx
035 _a(OCoLC)1365143577
040 _cES-MaBCM
100 1 _aVeggeland, Noralv
_986401
245 0 0 _aPath dependence and public sector innovation in regulatory regimes
_cNoralv Veggeland
520 0 _aContiene bibliografía
650 7 _aReforma administrativa
_960037
773 0 _aEn:
_tScandinavian political studies
_dOslo
_w104629
_gVol. 31, no. 3 (2008), p. 268-290
942 _cAREV
999 _c165493
_d165493